Cifrovyje sistemy upravlenija

Guardado en:
Detalles Bibliográficos
Formato: Libro
Lenguaje:ruso
Publicado: Moskva Mir 1984
Etiquetas: Agregar Etiqueta
Sin Etiquetas, Sea el primero en etiquetar este registro!

MARC

LEADER 00000nam a2200000 4500
001 c108452
005 20260130130613.9
041 0 |a rus 
044 |a RU 
245 1 0 |a Cifrovyje sistemy upravlenija  |c Rolf Isermann ; [Perevod s anglijskogo S.P. Zabrodina] 
264 1 |a Moskva  |b Mir  |c 1984 
300 |a 541 s.